Religion Quiz

Random Religion or Verse Quiz

Rich and Poor in 1 Samuel & 1 & 2 Chronicles (NIV) Quiz Stats

 Plays Quiz not verified by Sporcle

Score 0/38 Timer 01:00
0 Plays Today
Hint Answer % Correct
1 Samuel 2:7The
100%
and
75%
and
75%
and
75%
the
75%
and
75%
and
75%
of
50%
to
50%
to
50%
Lord
25%
he
25%
he
25%
In
25%
sends
0%
poverty
0%
wealth
0%
humbles
0%
exalts
0%
Hint Answer % Correct
1 Chronicles 29:12Wealth
0%
honor
0%
come
0%
from
0%
you
0%
you
0%
are
0%
ruler
0%
all
0%
things
0%
your
0%
hands
0%
are
0%
strength
0%
power
0%
exalt
0%
give
0%
strength
0%
all
0%

You're not logged in!

Compare scores with friends on all Sporcle quizzes.
OR
Log In

Show Comments

Extras

Top Quizzes Today


Score Distribution

Your Account Isn't Verified!

In order to create a playlist on Sporcle, you need to verify the email address you used during registration. Go to your Sporcle Settings to finish the process.

Report this User

Report this user for behavior that violates our Community Guidelines.

Details: